000 00508nam a22001577a 4500
008 131128b xxu||||| |||| 00| 0 eng d
050 _aJC336.O6213
100 _aOppenheimer, Franz
_d1864-1943
_94329
245 _aThe State
_cFranz Oppenheimer and John Milton Gitterman
260 _bBibliolife
_coriginally published in 1913
300 _av, 320p.;
_b23cm.
500 _aPublished originally in 1913
650 _aState, The
_94330
700 _aGitterman, John Milton
_94331
942 _2lcc
_cMONOGRAPH
_06
999 _c118827
_d118827